[Event "?"]
[Site "?"]
[Date "1997.08.15"]
[Round "7"]
[White "Andersson, Goran"]
[Black "Franz, Karsten"]
[Result "1/2-1/2"]
[WhiteElo "2200"]
[BlackElo "2225"]
[PlyCount "52"]

1. e4 g6 2. d4 Bg7 3. Nf3 d6 4. Nc3 Nc6 5. Be3 e5 6. dxe5 Nxe5 7. Nxe5 Bxe5 8.
Qd2 Ne7 9. Bc4 O-O 10. h4 Be6 11. Bxe6 fxe6 12. O-O-O Qe8 13. Bh6 Qf7 14. f3 a6
15. Ne2 Bg7 16. h5 gxh5 17. Bxg7 Kxg7 18. Ng3 Kh8 19. Nxh5 e5 20. Kb1 Qg6 21.
Rh4 Rf7 22. Rdh1 Rg8 23. Rg4 Qe6 24. Rxg8+ Kxg8 25. Qf2 Kh8 26. Rh3 Qg6 1/2-1/2

[Event "?"]
[Site "?"]
[Date "1997.08.15"]
[Round "7"]
[White "Karason, Askell"]
[Black "Moberg, Karl Johan"]
[Result "1-0"]
[WhiteElo "2305"]
[BlackElo "2320"]
[PlyCount "81"]

1. Nf3 Nf6 2. c4 g6 3. Nc3 d5 4. cxd5 Nxd5 5. d4 Bg7 6. e4 Nxc3 7. bxc3 O-O 8.
Be3 c5 9. Qd2 Qa5 10. Rc1 cxd4 11. cxd4 Qxd2+ 12. Nxd2 e6 13. Bc4 Nc6 14. Nb3
Bd7 15. O-O b6 16. Bb5 Nb8 17. Be2 Ba4 18. Rc7 Nc6 19. d5 exd5 20. exd5 Nb4 21.
Bf3 Be5 22. Rc4 a5 23. Nd4 b5 24. Rc5 Bd6 25. Rcc1 Nxa2 26. Rc6 Rfd8 27. Rb6 b4
28. Nc6 Rd7 29. Bd4 Nc3 30. Re1 Bxc6 31. dxc6 Rc7 32. Rb7 a4 33. Bb6 Rxb7 34.
cxb7 Rb8 35. Ba7 Kf8 36. Bxb8 Bxb8 37. Bc6 b3 38. Re8+ Kg7 39. Rxb8 b2 40. Rg8+
Kh6 41. b8=Q 1-0

[Event "?"]
[Site "?"]
[Date "1997.08.15"]
[Round "7"]
[White "Pribyl, Martin"]
[Black "Berg, Emanuel"]
[Result "0-1"]
[WhiteElo "2355"]
[BlackElo "2285"]
[PlyCount "102"]

1. b3 e5 2. Bb2 Nc6 3. e3 a6 4. d4 exd4 5. exd4 d5 6. Nf3 Bb4+ 7. Nbd2 Nf6 8.
a3 Bd6 9. Bd3 O-O 10. O-O Bg4 11. c4 Bf4 12. Qc2 Bxd2 13. Qxd2 Bxf3 14. gxf3 g6
15. Kh1 dxc4 16. Bxc4 b5 17. Be2 Nd5 18. Rg1 Qf6 19. Rg3 Rad8 20. Rag1 Rfe8 21.
Bd3 Nxd4 22. Bxg6 fxg6 23. Bxd4 Nf4 24. Bxf6 Rxd2 25. Bg5 Rd4 26. Rg4 Ne6 27.
Be3 Rd3 28. Rb1 Red8 29. Kg2 Kf7 30. a4 c5 31. Rh4 h5 32. Re4 Rc8 33. axb5 axb5
34. b4 c4 35. Re5 Rb3 36. Ra1 Rxb4 37. Ra7+ Rc7 38. Rxc7+ Nxc7 39. Bc5 Kf6 40.
Re7 Nd5 41. Rd7 Nf4+ 42. Kg3 Ne2+ 43. Kh4 Rb1 44. Rd6+ Kf5 45. Rd5+ Kf4 46.
Be3+ Kxf3 47. Kg5 c3 48. Rc5 b4 49. Kxg6 b3 50. Rf5+ Ke4 51. Bb6 Nf4+ 0-1

[Event "?"]
[Site "?"]
[Date "1997.08.16"]
[Round "8"]
[White "Kretz, Johan"]
[Black "Forchert, Martin"]
[Result "0-1"]
[WhiteElo "2195"]
[BlackElo "2340"]
[PlyCount "66"]

1. d4 d5 2. c4 c6 3. Nc3 Nf6 4. e3 a6 5. Nf3 b5 6. c5 Bg4 7. a4 b4 8. Ne2 Bxf3
9. gxf3 a5 10. Ng3 Nbd7 11. f4 e6 12. Bd3 h6 13. b3 Qc7 14. Qc2 Be7 15. Ne2
O-O-O 16. Ng1 g5 17. Nf3 gxf4 18. exf4 Nh5 19. Ne5 Nxe5 20. fxe5 f6 21. Qe2
fxe5 22. Qxh5 exd4 23. Qg4 Kb7 24. Qxd4 e5 25. Qe3 e4 26. Bb2 Bg5 27. Qh3 exd3
28. Bxh8 d2+ 29. Kd1 Rxh8 30. Kc2 Qe7 31. Raf1 Qxc5+ 32. Kb1 Qd4 33. f4 Qe4+
0-1

[Event "?"]
[Site "?"]
[Date "1997.08.16"]
[Round "8"]
[White "Thoren, Per"]
[Black "Barth, Norbert"]
[Result "1/2-1/2"]
[WhiteElo "2225"]
[BlackElo "2195"]
[PlyCount "46"]

1. e4 c6 2. d4 d5 3. e5 c5 4. dxc5 Nc6 5. Bb5 e6 6. b4 Bd7 7. Bxc6 Bxc6 8. Ne2
b6 9. Nd4 Qd7 10. cxb6 Bxb4+ 11. c3 Bc5 12. bxa7 Ne7 13. O-O Ng6 14. Qh5 O-O
15. Be3 Bxa7 16. Nd2 Bb5 17. Rfe1 Rfc8 18. Nxb5 Qxb5 19. Nf3 Bxe3 20. fxe3 Qd3
21. Rad1 Qc2 22. Rc1 Qd3 23. Rcd1 Qc2 1/2-1/2

[Event "?"]
[Site "?"]
[Date "1997.08.16"]
[Round "8"]
[White "Cankulovski, Bojko"]
[Black "Lehmann, Holger"]
[Result "0-1"]
[WhiteElo "2210"]
[BlackElo "2160"]
[PlyCount "68"]

1. d4 d5 2. c4 e6 3. Nc3 c6 4. e3 Nf6 5. Nf3 Nbd7 6. Qc2 a6 7. b3 b5 8. Bd3 b4
9. Ne2 c5 10. O-O Bb7 11. Ne5 cxd4 12. Nxd7 Qxd7 13. exd4 dxc4 14. bxc4 Be7 15.
Bb2 h5 16. Ng3 h4 17. Ne4 Rc8 18. f3 Nh5 19. Rfe1 Nf4 20. Bf1 Kf8 21. Qd2 e5
22. Rad1 Qf5 23. dxe5 Bxe4 24. Rxe4 Ne6 25. Ree1 Bc5+ 26. Kh1 h3 27. Bd3 hxg2+
28. Qxg2 Qh5 29. Be4 Qh4 30. Bc1 Rh5 31. Re2 Ke7 32. f4 Nxf4 33. Bxf4 Qxf4 34.
Rf1 Rxh2+ 0-1

[Event "?"]
[Site "?"]
[Date "1997.08.16"]
[Round "8"]
[White "Andersson, Fredrik"]
[Black "Wolf, Ulrich"]
[Result "0-1"]
[WhiteElo "2025"]
[BlackElo "2200"]
[PlyCount "76"]

1. e4 c5 2. Nf3 e6 3. d4 cxd4 4. Nxd4 a6 5. Bd3 Qc7 6. O-O b6 7. f4 d6 8. Nc3
Nf6 9. f5 e5 10. Nb3 Bb7 11. Qf3 Nbd7 12. Be3 h5 13. a4 Rc8 14. Nd5 Nxd5 15.
exd5 Nf6 16. c4 e4 17. Bxe4 Qxc4 18. Bd4 Nxe4 19. Qxe4+ Kd7 20. Qe3 Qxd5 21.
Rf2 Be7 22. Bxb6 Qe4 23. Qd2 Qd5 24. Nd4 Bf6 25. Rd1 Bxd4 26. Bxd4 f6 27. Qb4
Rc4 28. Qb6 Rhc8 29. Rfd2 Rc1 30. Kf2 Rxd1 31. Rxd1 Qxg2+ 32. Ke1 Bf3 33. Bf2
Bxd1 34. Kxd1 Qf1+ 35. Kd2 Qc1+ 36. Ke2 Rc2+ 37. Kf3 Qd1+ 38. Ke3 Qe2+ 0-1

[Event "?"]
[Site "?"]
[Date "1997.08.16"]
[Round "8"]
[White "Akesson, Joel"]
[Black "Moberg, Karl Johan"]
[Result "0-1"]
[WhiteElo "2215"]
[BlackElo "2320"]
[PlyCount "118"]

1. d4 Nf6 2. c4 g6 3. Nc3 d5 4. Bf4 Bg7 5. e3 c5 6. dxc5 Qa5 7. Qa4+ Qxa4 8.
Nxa4 Ne4 9. cxd5 Bd7 10. f3 Bxa4 11. fxe4 Bxb2 12. Rb1 Bc3+ 13. Kf2 Nd7 14. Kf3
Nxc5 15. Rc1 Bb4 16. Rc4 Bb5 17. Rxb4 Bxf1 18. Ne2 Bxe2+ 19. Kxe2 O-O 20. Rc1
b6 21. a4 Rfd8 22. a5 f5 23. exf5 gxf5 24. Rd1 Ne4 25. Rc4 Rac8 26. Rdc1 Rxc4
27. Rxc4 Rxd5 28. axb6 axb6 29. g4 Nc5 30. gxf5 Rxf5 31. Rb4 Nd7 32. Bg3 Kf7
33. Rh4 h5 34. Rc4 Rc5 35. Rf4+ Nf6 36. Ra4 e5 37. Ra6 Rb5 38. Kd3 e4+ 39. Kc4
Rc5+ 40. Kd4 Ra5 41. Rxa5 bxa5 42. Ke5 a4 43. Kf5 a3 44. h3 a2 45. Be5 Nd7 46.
Bc3 Nc5 47. Kg5 Ke6 48. Kxh5 Kf5 49. Kh4 Nb3 50. Kg3 a1=Q 51. Bxa1 Nxa1 52. h4
Nb3 53. h5 Kg5 54. h6 Kxh6 55. Kf4 Nd2 56. Ke5 Kg5 57. Kd4 Kg4 58. Kc3 Nf1 59.
Kd4 Kf3 0-1

[Event "?"]
[Site "?"]
[Date "1997.08.16"]
[Round "8"]
[White "Berg, Emanuel"]
[Black "Czerwonski, Alexander"]
[Result "1/2-1/2"]
[WhiteElo "2285"]
[BlackElo "2405"]
[PlyCount "98"]

1. e4 d6 2. d4 Nf6 3. Nc3 g6 4. f3 c6 5. Be3 Qb6 6. Qc1 Bg7 7. h4 h5 8. Bd3 Qc7
9. Qd2 Nbd7 10. Nh3 b5 11. a4 b4 12. Ne2 a5 13. Ng5 e5 14. c3 bxc3 15. bxc3 O-O
16. O-O d5 17. Rab1 Ba6 18. Rb2 Bxd3 19. Qxd3 Rab8 20. Rfb1 Rxb2 21. Rxb2 dxe4
22. Nxe4 Nd5 23. Bf2 exd4 24. Nxd4 Ne5 25. Qa6 Rb8 26. Rxb8+ Qxb8 27. Nxc6 Qb1+
28. Kh2 Ng4+ 29. fxg4 Qxe4 30. Qa8+ Kh7 31. Ne7 Qxe7 32. Qxd5 Be5+ 33. Kh3
hxg4+ 34. Kxg4 Qf6 35. Kh3 Qf5+ 36. g4 Qf4 37. Kg2 Qxg4+ 38. Kf1 Qf5 39. Qxa5
Qd3+ 40. Kg2 Qe4+ 41. Kf1 Qc4+ 42. Kg2 Bxc3 43. Qb5 Qe4+ 44. Kf1 Bf6 45. a5
Qh1+ 46. Ke2 Qe4+ 47. Kf1 Qh1+ 48. Ke2 Qe4+ 49. Kf1 Qh1+ 1/2-1/2

[Event "?"]
[Site "?"]
[Date "1997.08.16"]
[Round "8"]
[White "Ziegler, Ari"]
[Black "Berg, Klaus"]
[Result "1/2-1/2"]
[WhiteElo "2440"]
[BlackElo "2410"]
[PlyCount "82"]

1. c4 Nf6 2. Nc3 c5 3. g3 g6 4. Bg2 Bg7 5. Nf3 O-O 6. O-O Nc6 7. d4 cxd4 8.
Nxd4 Ng4 9. e3 d6 10. b3 Nxd4 11. exd4 Nh6 12. Bb2 Nf5 13. Nd5 e6 14. Ne3 Nxe3
15. fxe3 Rb8 16. Qd2 h5 17. Ba3 a5 18. b4 b6 19. bxa5 bxa5 20. Rfb1 Rxb1+ 21.
Rxb1 Bh6 22. c5 dxc5 23. Bxc5 Re8 24. Bc6 Bd7 25. Bb6 Qc8 26. Bxd7 Qxd7 27.
Bxa5 Qd5 28. Bb4 e5 29. Bc5 exd4 30. Bxd4 Qxd4 31. Qxd4 Bxe3+ 32. Qxe3 Rxe3 33.
Kf2 Ra3 34. Rb2 Kg7 35. Ke1 g5 36. Kf2 Kg6 37. Kg2 f6 38. Rf2 Kg7 39. Rb2 Kg6
40. Rf2 Kg7 41. Rb2 Kg6 1/2-1/2

[Event "?"]
[Site "?"]
[Date "1997.08.16"]
[Round "8"]
[White "Pisulinski, Jan"]
[Black "Karason, Askell"]
[Result "1/2-1/2"]
[WhiteElo "2385"]
[BlackElo "2305"]
[PlyCount "129"]

1. d4 d6 2. e4 Nf6 3. Nc3 g6 4. Be3 c6 5. f3 b5 6. Qd2 Nbd7 7. g4 Nb6 8. b3 a6
9. g5 Nfd7 10. h4 Qc7 11. h5 Bg7 12. hxg6 hxg6 13. Rxh8+ Bxh8 14. Qh2 Bg7 15.
Qh7 Kf8 16. Nge2 c5 17. O-O-O cxd4 18. Bxd4 e5 19. Be3 Bb7 20. Bh3 b4 21. Nb1
d5 22. Bxd7 Nxd7 23. exd5 Rc8 24. c4 bxc3 25. Nbxc3 Qa5 26. Kb2 Nb6 27. Qh3 Qb4
28. Bxb6 Qxb6 29. Ne4 Qe3 30. Qg2 a5 31. a4 Ba6 32. Rd2 Rb8 33. Nc1 Rb4 34. Qf2
Qxf2 35. Rxf2 Rd4 36. d6 Bb7 37. Ne2 Rxe4 38. fxe4 Bxe4 39. Kc3 Bd5 40. Nc1 e4+
41. Kd2 Bd4 42. Rf1 Be5 43. Ke3 Bxd6 44. Kd4 Bb7 45. Ne2 Ba6 46. Rf6 Ke7 47.
Nc3 Bb7 48. Nxe4 Bb8 49. Nc5 Bc8 50. Kd5 Bh3 51. Ra6 Bg2+ 52. Ne4 Bc7 53. Kd4
Kd7 54. Nf6+ Kc8 55. Nd5 Bd8 56. Ra7 Bxg5 57. Rxa5 Bh4 58. Rc5+ Kb8 59. Rc2 Bf3
60. b4 g5 61. a5 g4 62. a6 g3 63. Ra2 Ka7 64. b5 Bd8 65. b6+ 1/2-1/2

[Event "?"]
[Site "?"]
[Date "1997.08.16"]
[Round "8"]
[White "Pribyl, Martin"]
[Black "Andersson, Goran"]
[Result "1-0"]
[WhiteElo "2355"]
[BlackElo "2200"]
[PlyCount "93"]

1. Nf3 Nf6 2. c4 g6 3. Nc3 Bg7 4. g3 O-O 5. Bg2 d6 6. O-O e5 7. d3 Nc6 8. Rb1
a5 9. a3 Re8 10. b4 axb4 11. axb4 e4 12. Ng5 exd3 13. exd3 Bg4 14. Qd2 h6 15.
Nf3 Qd7 16. b5 Nd8 17. Re1 Rxe1+ 18. Nxe1 Bh3 19. Bh1 Ng4 20. Nc2 Qf5 21. Nd5
Kh7 22. Nf4 Ne5 23. Ne3 Qd7 24. d4 Bf5 25. Rb3 Ng4 26. Nxg4 Bxg4 27. f3 g5 28.
fxg4 gxf4 29. Qxf4 Ra1 30. Rb1 Rxb1 31. Be4+ Kg8 32. Bxb1 Ne6 33. Qf5 Bxd4+ 34.
Kg2 Nf8 35. Be4 Qxf5 36. gxf5 Kg7 37. Bxb7 Nd7 38. Bd5 Ne5 39. h3 Bc5 40. g4
Nd3 41. Bd2 Ne5 42. Kg3 Bd4 43. Ba5 Bb6 44. Bc3 Kf6 45. Kf4 Bf2 46. Ke4 Ke7 47.
Bd2 1-0

[Event "?"]
[Site "?"]
[Date "1997.08.16"]
[Round "8"]
[White "Welin, Mats"]
[Black "Feiff, Terry"]
[Result "1-0"]
[WhiteElo "2160"]
[BlackElo "2195"]
[PlyCount "77"]

1. e4 e6 2. d4 d5 3. Nc3 dxe4 4. Nxe4 Bd7 5. Nf3 Bc6 6. Bd3 Nd7 7. O-O Be7 8.
Ne5 Nxe5 9. dxe5 Qd4 10. Qg4 Qxe5 11. Bf4 h5 12. Qg3 h4 13. Bxe5 hxg3 14. fxg3
f5 15. Nf2 Bf6 16. Rae1 Kf7 17. Bc4 Bd5 18. Bxd5 exd5 19. g4 fxg4 20. Nxg4 c6
21. Re3 Re8 22. Ra3 a6 23. Rb3 Kg6 24. Bxf6 Nxf6 25. Nxf6 gxf6 26. Rxb7 Re2 27.
c3 Rhe8 28. Rb6 R8e6 29. h3 Rc2 30. Rf3 Ree2 31. Rg3+ Kf5 32. b4 Rxa2 33. Rxc6
Ke5 34. h4 Re4 35. h5 Rh4 36. Re3+ Kf5 37. Rf3+ Ke5 38. Rfxf6 Rxh5 39. Rce6#
1-0

[Event "?"]
[Site "?"]
[Date "1997.08.16"]
[Round "8"]
[White "Franz, Karsten"]
[Black "Schaller, Sven"]
[Result "0-1"]
[WhiteElo "2225"]
[BlackElo "2315"]
[PlyCount "62"]

1. Nf3 Nc6 2. g3 e5 3. d3 g6 4. Bg2 Bg7 5. O-O Nf6 6. e4 O-O 7. Nc3 h6 8. Re1
d6 9. h3 Be6 10. Bd2 Kh7 11. b4 Qd7 12. b5 Nd4 13. Nd5 Nxf3+ 14. Bxf3 Nxd5 15.
exd5 Bxh3 16. Kh2 Bf5 17. g4 e4 18. dxe4 Bxa1 19. c3 Bxg4 20. Bxg4 Qe7 21. Kg2
Bb2 22. Qb3 f5 23. exf5 Qh4 24. f3 Rae8 25. fxg6+ Kg7 26. Re6 h5 27. Qc4 Rxe6
28. dxe6 hxg4 29. Qd4+ Kg8 30. fxg4 Qf6 31. e7 Qf3+ 0-1

[Event "?"]
[Site "?"]
[Date "1997.08.17"]
[Round "9"]
[White "Feiff, Terry"]
[Black "Andersson, Goran"]
[Result "1-0"]
[WhiteElo "2195"]
[BlackElo "2200"]
[PlyCount "59"]

1. e4 c5 2. Nf3 e6 3. Nc3 Nc6 4. Bb5 Nge7 5. O-O a6 6. Bxc6 Nxc6 7. d4 cxd4 8.
Nxd4 d6 9. Nxc6 bxc6 10. Qg4 Rb8 11. b3 g6 12. Bb2 Bg7 13. Qg3 Be5 14. Qe3 O-O
15. f4 Bg7 16. Na4 Bxb2 17. Nxb2 d5 18. e5 Rb4 19. c4 d4 20. Qf2 Qd7 21. Rad1
Rd8 22. Nd3 Rb8 23. Nc5 Qa7 24. Rxd4 Rxd4 25. Qxd4 Qb6 26. Rd1 Kg7 27. Ne4 a5
28. Qxb6 Rxb6 29. Rd8 Ba6 30. Nc5 1-0

[Event "?"]
[Site "?"]
[Date "1997.08.17"]
[Round "9"]
[White "Wolf, Ulrich"]
[Black "Ask, Josef"]
[Result "1/2-1/2"]
[WhiteElo "2200"]
[BlackElo "2050"]
[PlyCount "32"]

1. e4 e5 2. Nf3 d6 3. d4 exd4 4. Nxd4 g6 5. c4 Bg7 6. Nc3 Nc6 7. Be3 Nge7 8.
Be2 O-O 9. O-O f5 10. exf5 Bxd4 11. Bxd4 Nxf5 12. Be3 Nxe3 13. fxe3 Be6 14. b3
Qg5 15. Qd2 Ne5 16. Rf4 a6 1/2-1/2

[Event "?"]
[Site "?"]
[Date "1997.08.17"]
[Round "9"]
[White "Andersson, Fredrik"]
[Black "Cankulovski, Bojko"]
[Result "1/2-1/2"]
[WhiteElo "2025"]
[BlackElo "2210"]
[PlyCount "53"]

1. e4 e6 2. d4 d5 3. Bd3 c5 4. c3 Nc6 5. Nf3 cxd4 6. cxd4 Nb4 7. exd5 Nxd3+ 8.
Qxd3 Qxd5 9. Nc3 Qa5 10. Bf4 Nf6 11. O-O Be7 12. Rfe1 Nd5 13. Nxd5 Qxd5 14. Re5
Qd8 15. Rae1 Bf6 16. Bg5 O-O 17. d5 h6 18. Bxf6 Qxf6 19. d6 Bd7 20. Rc5 Bc6 21.
Ne5 Bd5 22. Rc7 Rad8 23. Nd7 Qg5 24. f3 Rfe8 25. Ne5 Rf8 26. Nd7 Rfe8 27. Ne5
1/2-1/2

[Event "?"]
[Site "?"]
[Date "1997.08.17"]
[Round "9"]
[White "Lehmann, Holger"]
[Black "Lahlum, Hans Olav"]
[Result "0-1"]
[WhiteElo "2160"]
[BlackElo "2230"]
[PlyCount "82"]

1. c4 e6 2. d4 d5 3. cxd5 exd5 4. Nc3 c6 5. Nf3 Bd6 6. Bg5 f6 7. Bh4 Ne7 8. e3
Bf5 9. Bd3 Bxd3 10. Qxd3 O-O 11. O-O Ng6 12. Bg3 Bxg3 13. hxg3 Nd7 14. Rfc1 f5
15. Na4 Qe7 16. Nc5 Nxc5 17. Rxc5 Rf6 18. Rb1 Nf8 19. b4 Nd7 20. Rc2 a6 21. a4
Qf7 22. Kf1 Qh5 23. Rcc1 Re6 24. Ke2 h6 25. Kd2 Nf6 26. Rh1 Qg4 27. Rh4 Ne4+
28. Ke2 Qg6 29. Ne5 Qg5 30. Rb2 Qe7 31. Rh1 g5 32. Rh3 Kg7 33. f3 Nd6 34. Rh1
Nc4 35. Rb3 Nxe5 36. dxe5 Rxe5 37. Kf2 Qf6 38. Rc1 Rae8 39. Qf1 f4 40. gxf4
gxf4 41. exf4 Qh4+ 0-1

[Event "?"]
[Site "?"]
[Date "1997.08.17"]
[Round "9"]
[White "Hiebel, Johannes"]
[Black "Thoren, Per"]
[Result "1/2-1/2"]
[WhiteElo "2305"]
[BlackElo "2225"]
[PlyCount "51"]

1. d4 f5 2. g4 fxg4 3. h3 g3 4. fxg3 c5 5. d5 Nf6 6. Nc3 g6 7. e4 Bg7 8. Nge2
d6 9. Bg2 Nbd7 10. O-O O-O 11. g4 Ne5 12. Nf4 h6 13. Nce2 Nh7 14. Nd3 Ng5 15.
Nxe5 Bxe5 16. c3 Rxf1+ 17. Qxf1 Qf8 18. Nf4 Qf6 19. Nd3 Qxf1+ 20. Kxf1 Bg7 21.
Bd2 Bd7 22. Ke2 Bb5 23. Rc1 Bxd3+ 24. Kxd3 Rf8 25. Bxg5 hxg5 26. Rf1 1/2-1/2

[Event "?"]
[Site "?"]
[Date "1997.08.17"]
[Round "9"]
[White "Karason, Askell"]
[Black "Pribyl, Josef"]
[Result "1/2-1/2"]
[WhiteElo "2305"]
[BlackElo "2430"]
[PlyCount "23"]

1. d4 Nf6 2. c4 g6 3. Nc3 d5 4. cxd5 Nxd5 5. e4 Nxc3 6. bxc3 Bg7 7. Be3 c5 8.
Qd2 Qa5 9. Rb1 cxd4 10. cxd4 Qxd2+ 11. Kxd2 O-O 12. Bd3 1/2-1/2

[Event "?"]
[Site "?"]
[Date "1997.08.17"]
[Round "9"]
[White "Berg, Klaus"]
[Black "Pisulinski, Jan"]
[Result "1-0"]
[WhiteElo "2410"]
[BlackElo "2385"]
[PlyCount "85"]

1. d4 Nf6 2. Nf3 e6 3. e3 b6 4. Bd3 Bb7 5. O-O Be7 6. c4 c5 7. Nc3 d6 8. b3
Nbd7 9. Bb2 a6 10. h3 cxd4 11. exd4 d5 12. Qe2 dxc4 13. bxc4 O-O 14. Rad1 Qc7
15. Rfe1 Rfe8 16. a4 Bb4 17. Rb1 Rad8 18. Ba1 Ba5 19. Qe3 Qc6 20. Qg5 h6 21.
Qg3 Nh5 22. Qh4 Bxc3 23. Bxc3 Ndf6 24. Re5 g5 25. Rxg5+ hxg5 26. Qxg5+ Kf8 27.
Bb4+ Re7 28. Qh6+ Ke8 29. Qh8+ Kd7 30. Ne5+ Kc7 31. Qxd8+ Kxd8 32. Nxc6+ Bxc6
33. Bxe7+ Kxe7 34. Rxb6 Bxa4 35. Rxa6 Bd7 36. g3 Ne8 37. h4 f5 38. Be2 Nef6 39.
Bxh5 Nxh5 40. Kg2 Nf6 41. f3 Be8 42. Kf2 Bd7 43. Ke3 1-0

[Event "?"]
[Site "?"]
[Date "1997.08.17"]
[Round "9"]
[White "Moberg, Karl Johan"]
[Black "Pribyl, Martin"]
[Result "1/2-1/2"]
[WhiteElo "2320"]
[BlackElo "2355"]
[PlyCount "133"]

1. e4 c5 2. Nf3 Nc6 3. d4 cxd4 4. Nxd4 Nf6 5. Nc3 d6 6. Bg5 e6 7. Qd2 h6 8.
Bxf6 gxf6 9. O-O-O a6 10. f4 Bd7 11. Kb1 Qb6 12. Nf3 O-O-O 13. Bd3 Kb8 14. Rhf1
Be7 15. g3 h5 16. Bc4 Na5 17. Bb3 Rc8 18. e5 Nxb3 19. axb3 d5 20. exf6 Bxf6 21.
Ne5 Be8 22. Qd4 Qxd4 23. Rxd4 Rg8 24. Re1 h4 25. Rd3 hxg3 26. hxg3 Rh8 27. Ne2
Bb5 28. Re3 Bxe2 29. R3xe2 Bxe5 30. Rxe5 Rh2 31. R5e2 Rxe2 32. Rxe2 Kc7 33. Rh2
Kd6 34. Rh7 Ke7 35. g4 Rg8 36. g5 e5 37. fxe5 Rxg5 38. Rh6 Rg1+ 39. Ka2 Rg6 40.
Rh5 Ke6 41. c3 Rg4 42. b4 Re4 43. Rh6+ Kxe5 44. Rb6 f5 45. Rxb7 f4 46. Rf7 Re3
47. Kb3 Ke4 48. b5 axb5 49. Kb4 Re2 50. b3 Rb2 51. Re7+ Kd3 52. Rf7 Kc2 53.
Kxb5 Kxc3 54. Rxf4 d4 55. Kc5 d3 56. b4 d2 57. Rd4 Rb1 58. Rxd2 Kxd2 59. b5 Kc3
60. b6 Rb4 61. Kc6 Rc4+ 62. Kd7 Rd4+ 63. Kc7 Rc4+ 64. Kd7 Rb4 65. Kc7 Kd4 66.
b7 Rxb7+ 67. Kxb7 1/2-1/2